The tragedy of Othello
Wedi'i Gadw mewn:
| Prif Awdur: | |
|---|---|
| Fformat: | Llyfr |
| Iaith: | Saesneg |
| Cyhoeddwyd: |
Nueva York
Washington Square Press
1957
|
| Cyfres: | <The >folger library general reader's Shakespeare
|
| Pynciau: | |
| Tagiau: |
Ychwanegu Tag
Dim Tagiau, Byddwch y cyntaf i dagio'r cofnod hwn!
|
MARC
| LEADER | 00000nam a2200000 a 4500 | ||
|---|---|---|---|
| 001 | UCX1845 | ||
| 003 | CL-VaPUC | ||
| 008 | 901112e19570000US |||||||||||||||||eng|d | ||
| 082 | 0 | 4 | |a 822 |b SHA |2 21 |
| 100 | |a Shakespeare, William |e author |9 265757 | ||
| 245 | 1 | 4 | |a The tragedy of Othello |
| 246 | 1 | 4 | |a The Moor of Venice |
| 300 | |a 128 p | ||
| 942 | |c BK | ||
| 945 | |d 19901112 00:00:00 | ||
| 260 | |a Nueva York |b Washington Square Press |c 1957 | ||
| 650 | 0 | |a Teatro inglés |9 265744 | |
| 583 | |a last modification |c 19901112 00:00:00 |k Rodrigo Vera | ||
| 490 | 0 | |a <The >folger library general reader's Shakespeare | |
| 999 | |c 222993 |d 222991 | ||
| 952 | |0 0 |1 0 |4 0 |6 822_000000000000000_SHA_1957 |7 0 |8 R |9 218358 |a BIBEDU |b BIBEDU |c MCIRC |d 2019-11-15 |i 2871912 |o 822 SHA 1957 |p 2871912 |r 2023-01-13 |w 2019-11-15 |y BK_R |k LIT | ||